[Event "South Wales op 20th"]
[Site "Bridgend"]
[Date "2025.07.04"]
[Round "2"]
[White "Thomas, Mark"]
[Black "Richards, Joshua"]
[Result "0-1"]
[WhiteElo "1876"]
[BlackElo "1700"]
[PlyCount "70"]
[EventDate "2025.07.04"]
[EventType "swiss"]
[EventRounds "9"]
[EventCountry "WLS"]
[SourceTitle "CB29_2025"]
[SourceDate "2025.07.16"]
[SourceVersion "1"]
[SourceVersionDate "2025.07.16"]
[SourceQuality "1"]

1. e4 e6 2. d3 d5 3. Nd2 Nf6 4. Ngf3 Bc5 5. e5 Ng4 6. d4 Bb6 7. c3 c5 8. h3 Nh6 9. Nb3 c4 10. Bxh6 cxb3 11. Bxg7 Rg8 12. Bf6 Qc7 13. axb3 Nd7 14. Bh4 Ba5 15. b4 Bb6 16. g3 Qc6 17. Bd3 h6 18. Qd2 Rh8 19. Qf4 Bd8 20. 0-0 Bxh4 21. Qxh4 Nb6 22. Nh2 Nc4 23. Bxc4 dxc4 24. Ng4 b5 25. Nf6+ Kf8 26. f3 Bb7 27. Rae1 a5 28. bxa5 Rxa5 29. Rd1 Ra2 30. d5 exd5 31. Nxd5 Rxb2 32. Ne7 Qc5+ 33. Kh1 Qxe5 34. Rd8+ Kg7 35. Rxh8 Bxf3+ 0-1

[Event "South Wales op 19th"]
[Site "Bridgend"]
[Date "2024.07.10"]
[Round "9"]
[White "Richards, Joshua"]
[Black "Richards, Gareth"]
[Result "1-0"]
[WhiteElo "1823"]
[BlackElo "1564"]
[PlyCount "55"]
[EventDate "2024.07.05"]
[EventType "swiss"]
[EventRounds "9"]
[EventCountry "WLS"]
[SourceTitle "CBM 221 Extra"]
[Source "ChessBase"]
[SourceDate "2024.09.30"]
[SourceVersion "1"]
[SourceVersionDate "2024.09.30"]
[SourceQuality "1"]

1. e4 e5 2. Nf3 Nc6 3. d4 exd4 4. Ng5 Nh6 5. Bc4 Be7 6. Qh5 Ne5 7. Bb3 d6 8. h3 d3 9. f4 Bxg5 10. fxg5 Ng8 11. 0-0 g6 12. Qd1 dxc2 13. Qxc2 Qe7 14. Nc3 c6 15. Bf4 h6 16. Bxe5 Qxe5 17. Bxf7+ Ke7 18. Qb3 Bxh3 19. Qxb7+ Bd7 20. Qxa8 hxg5 21. Bxg8 Qh2+ 22. Kf2 Qf4+ 23. Ke1 Qg3+ 24. Kd1 Bg4+ 25. Kc1 Qe3+ 26. Kc2 d5 27. Qf8+ Kd7 28. Rf7+ 1-0

[Event "South Wales op 19th"]
[Site "Bridgend"]
[Date "2024.07.07"]
[Round "4"]
[White "Nalej, Tomasz Daniel"]
[Black "Richards, Joshua"]
[Result "0-1"]
[WhiteElo "1569"]
[BlackElo "1823"]
[PlyCount "98"]
[EventDate "2024.07.05"]
[EventType "swiss"]
[EventRounds "9"]
[EventCountry "WLS"]
[SourceTitle "CBM 221 Extra"]
[Source "ChessBase"]
[SourceDate "2024.09.30"]
[SourceVersion "1"]
[SourceVersionDate "2024.09.30"]
[SourceQuality "1"]

1. d4 Nf6 2. c4 g6 3. Nc3 Bg7 4. e4 d6 5. Nf3 0-0 6. Be2 Bg4 7. 0-0 Nc6 8. Be3 Nd7 9. Qd2 Bxf3 10. Bxf3 e5 11. Bh6 Nxd4 12. Bd1 a5 13. Bxg7 Kxg7 14. f4 c6 15. Ne2 Qb6 16. Kh1 Nf6 17. Nxd4 Nxe4 18. Qe3 Qxd4 19. Qe2 Nd2 20. Rf2 Qxb2 21. h4 Qxa1 22. Qxd2 e4 23. Qb2+ Qxb2 24. Rxb2 Rab8 25. a4 d5 26. cxd5 cxd5 27. Rb5 d4 28. h5 d3 29. hxg6 hxg6 30. Rxa5 e3 31. Re5 Rfe8 32. Kg1 Rxe5 33. fxe5 e2 34. Bxe2 dxe2 35. Kf2 Re8 36. Kxe2 Rxe5+ 37. Kf3 Ra5 38. g4 Rxa4 39. Kg3 b5 40. Kf3 b4 41. Ke2 b3 42. Kd2 Rc4 43. Kd3 Rc8 44. Ke4 b2 45. g5 b1Q+ 46. Ke5 Rc5+ 47. Kd4 Qb4+ 48. Kd3 Rc3+ 49. Kd2 Qb2+ 0-1

[Event "South Wales op 19th"]
[Site "Bridgend"]
[Date "2024.07.05"]
[Round "1"]
[White "Richards, Joshua"]
[Black "Boswell, Jacob Connor"]
[Result "0-1"]
[WhiteElo "1823"]
[BlackElo "2241"]
[PlyCount "100"]
[EventDate "2024.07.05"]
[EventType "swiss"]
[EventRounds "9"]
[EventCountry "WLS"]
[SourceTitle "CBM 221 Extra"]
[Source "ChessBase"]
[SourceDate "2024.09.30"]
[SourceVersion "1"]
[SourceVersionDate "2024.09.30"]
[SourceQuality "1"]

1. e4 c5 2. c3 Nf6 3. e5 Nd5 4. d4 d6 5. Nf3 Nc6 6. Bd3 dxe5 7. dxe5 Bg4 8. Bb5 Qb6 9. c4 0-0-0 10. cxd5 Qxb5 11. Nc3 Qa6 12. Qc2 Nb4 13. Qe4 Nd3+ 14. Kf1 Nxc1+ 15. Kg1 Bxf3 16. Qxf3 Nd3 17. Qf4 f6 18. Qxf6 Nxe5 19. Qf5+ Nd7 20. Rc1 Qg6 21. Qf3 e6 22. d6 Bxd6 23. Nb5 Bb8 24. g3 Qg5 25. Kg2 Qd5 26. Rhd1 Qxf3+ 27. Kxf3 a6 28. Na3 Ne5+ 29. Kg2 Rxd1 30. Rxd1 Rd8 31. Re1 Rd2 32. Kf1 Rxb2 33. f4 Rxa2 34. Nb1 Nf3 35. Rxe6 Ra1 36. Kg2 Nd4 37. Re8+ Kd7 38. Rxb8 Rxb1 39. Rg8 c4 40. Rxg7+ Kd6 41. Rxh7 c3 42. Rh6+ Ke7 43. Rh7+ Kf6 44. g4 c2 45. g5+ Kg6 46. Rh6+ Kg7 47. h4 c1Q 48. h5 Qg1+ 49. Kh3 Rb3+ 50. Kh4 Nf5# 0-1